000 00397nam a2200145Ia 4500
008 100122s9999 xx 000 0 und d
082 _b54916
_a823.08
100 _aपै शिरीष
245 _aकमलपत्र
260 _bमनोरमा प्रकाशन
_c1998
300 _a190
630 _aकमलपत्र
730 _aकमलपत्र
942 _cBOOK
999 _c431670
_d431667